000 00953nam0a22002771 4500
001 rc\3030620
005 20250806201631.0
035 _a(NLR Aleph) 007171576
090 _a20936
_c20936
100 _a20110930d1941 u y0rusy50 ca
101 0 _arus
102 _aRU
105 _aa z |||||
200 1 _aЭлектрическая пожарная связь
_fН.Н. Розенберг, Г.М. Коганзон
210 _aЛенинград
_aМосква
_cИзд-во Наркомхоза РСФСР
_d1941
_eЛенинград
215 _a194, [2] с., 2 л. схем.
_cил., схем.
_d23 см
320 _aБиблиогр.: (с. 193)
700 1 _aРозенбер
_bН.Н.
701 1 _aКоганзон
_bГ.М.
801 0 _aRU
_bNLR
_gpsbo
801 1 _aRU
_bELAR
_2rusmarc
852 _aNLR
_jТ80 Г-5/70
942 _cBOOK
945 _aРоссийская национальная библиотека
980 _aNB
980 _aBV